| 000 | 00532nam a22001817a 4500 | ||
|---|---|---|---|
| 005 | 20231107122523.0 | ||
| 008 | 231107b |||||||| |||| 00| 0 eng d | ||
| 020 | _a0702123463 | ||
| 041 | _aEnglish | ||
| 082 | _a346.43 | ||
| 100 |
_aPaddock, G _lEnglish |
||
| 245 |
_aThe Sectional Title Handbook / _cG Paddock |
||
| 250 | _aSecond Edition | ||
| 260 |
_aCape Town : _bJuta and Company Ltd, _c1990 |
||
| 300 |
_bxxiii, 194 pages ; _c23 cm. |
||
| 650 |
_aLegal practice _bLaw |
||
| 942 |
_cBK _6ALISON_BN_VRIES |
||
| 999 |
_c372 _d372 |
||